Implicit partial differential equations / (Record no. 30290)
[ view plain ]
| 000 -LEADER | |
|---|---|
| fixed length control field | 00848 a2200205 4500 |
| 020 ## - INTERNATIONAL STANDARD BOOK NUMBER | |
| International Standard Book Number | 0817641211 |
| 020 ## - INTERNATIONAL STANDARD BOOK NUMBER | |
| International Standard Book Number | 9780817641214 |
| 090 ## - LOCALLY ASSIGNED LC-TYPE CALL NUMBER (OCLC); LOCAL CALL NUMBER (RLIN) | |
| -- | 1682 |
| -- | 1682 |
| 100 1# - MAIN ENTRY--PERSONAL NAME | |
| Personal name | Dacorogna, Bernard. |
| 245 10 - TITLE STATEMENT | |
| Title | Implicit partial differential equations / |
| Statement of responsibility, etc. | Bernard Dacorogna, Paolo Marcellini. |
| 250 ## - EDITION STATEMENT | |
| Edition statement | 1999th ed. |
| 260 ## - PUBLICATION, DISTRIBUTION, ETC. | |
| Place of publication, distribution, etc. | [S.l.] : |
| Name of publisher, distributor, etc. | Birkh�user, |
| Date of publication, distribution, etc. | 1999. |
| 300 ## - PHYSICAL DESCRIPTION | |
| Extent | 288 p. ; |
| Dimensions | 25 cm. |
| 490 1# - SERIES STATEMENT | |
| Series statement | Progress in nonlinear differential equations and their applications. |
| 700 1# - ADDED ENTRY--PERSONAL NAME | |
| Personal name | Marcellini, Paolo. |
| 830 #0 - SERIES ADDED ENTRY--UNIFORM TITLE | |
| Uniform title | Progress in nonlinear differential equations and their applications. |
| 856 40 - ELECTRONIC LOCATION AND ACCESS | |
| Materials specified | Amazon.com |
| Uniform Resource Identifier | <a href="http://www.amazon.com/exec/obidos/ASIN/0817641211/chopaconline-20">http://www.amazon.com/exec/obidos/ASIN/0817641211/chopaconline-20</a> |
| 942 ## - ADDED ENTRY ELEMENTS (KOHA) | |
| Institution code [OBSOLETE] | SNS |
| Koha item type | Book |
| Call number prefix | 515.323 DAC |
| Withdrawn status | Lost status | Damaged status | Not for loan | Permanent Location | Current Location | Date acquired | Total Checkouts | Full call number | Barcode | Date last seen | Price effective from | Koha item type |
|---|---|---|---|---|---|---|---|---|---|---|---|---|
| School of Natural Sciences (SNS) | School of Natural Sciences (SNS) | 05/26/2016 | 515.323 DAC | SNS0001886 | 05/26/2016 | 05/26/2016 | Book |
